<?xml version="1.0" encoding="UTF-8"?><?xml-stylesheet type="text/xsl" href="static/style.xsl"?><OAI-PMH xmlns="http://www.openarchives.org/OAI/2.0/" xmlns:xsi="http://www.w3.org/2001/XMLSchema-instance" xsi:schemaLocation="http://www.openarchives.org/OAI/2.0/ http://www.openarchives.org/OAI/2.0/OAI-PMH.xsd"><responseDate>2026-06-02T01:12:37Z</responseDate><request verb="GetRecord" identifier="oai:riubu.ubu.es:10259/6507" metadataPrefix="marc">https://riubu.ubu.es/oai/request</request><GetRecord><record><header><identifier>oai:riubu.ubu.es:10259/6507</identifier><datestamp>2022-04-01T07:45:21Z</datestamp><setSpec>com_10259.4_103</setSpec><setSpec>com_10259.4_1</setSpec><setSpec>com_10259_2604</setSpec><setSpec>col_10259_6504</setSpec></header><metadata><record xmlns="http://www.loc.gov/MARC21/slim" xmlns:doc="http://www.lyncode.com/xoai" xmlns:xsi="http://www.w3.org/2001/XMLSchema-instance" xmlns:dcterms="http://purl.org/dc/terms/" xsi:schemaLocation="http://www.loc.gov/MARC21/slim http://www.loc.gov/standards/marcxml/schema/MARC21slim.xsd">
<leader>00925njm 22002777a 4500</leader>
<datafield tag="042" ind1=" " ind2=" ">
<subfield code="a">dc</subfield>
</datafield>
<datafield tag="720" ind1=" " ind2=" ">
<subfield code="a">Cuesta Nieto, José Antonio</subfield>
<subfield code="e">author</subfield>
</datafield>
<datafield tag="720" ind1=" " ind2=" ">
<subfield code="a">Campillo Cueva, Jacinto</subfield>
<subfield code="e">author</subfield>
</datafield>
<datafield tag="260" ind1=" " ind2=" ">
<subfield code="c">2017</subfield>
</datafield>
<datafield tag="520" ind1=" " ind2=" ">
<subfield code="a">Las once estelas medievales que se dan a conocer aquí&#xd;
proceden de dos yacimientos arqueológicos distintos, situados en el&#xd;
término de Quintanapalla (Burgos) e identificados con los despoblados&#xd;
medievales de Villarmiros y Castrillejo. Ambos presentan características&#xd;
comunes (material, técnicas, rusticidad y funcionalidad),&#xd;
aunque se significan sobre todo por sus diferencias. En Villarmiros&#xd;
perviven motivos precristianos de carácter solar (circunferencias,&#xd;
sogueados, aspas…) y falta la cruz cristiana. Esto y las referencias&#xd;
diplomáticas sitúan su cronología entre los siglos X y XI, o tal vez&#xd;
algo antes. Castrillejo, en cambio, destaca por el uso de cruces griegas&#xd;
inscritas en círculo, seguramente pertenecientes al siglo XIII.</subfield>
</datafield>
<datafield tag="520" ind1=" " ind2=" ">
<subfield code="a">The eleven medieval stelai which are discussed herein&#xd;
come from two different archaeological sites which are located in&#xd;
the municipality of Quintanapalla (Burgos) and are identified with&#xd;
the abandoned medieval villages of Villarmiros and Castrillejo. Both&#xd;
have common features (common materials, common techniques, a&#xd;
common rural character, and a common functionality); however, what&#xd;
makes them noteworthy stems, above all, from their differences. In&#xd;
Villarmiros, pre-Christian motifs of a solar nature (circumferences,&#xd;
rope-twist designs, vanes, etc.) prevail, and a Christian cross is not&#xd;
there. That, along with diplomatic references, bring their date to between the tenth and eleventh centuries – or perhaps earlier. Castrillejo, on the other hand, stands out because of its use of Greek crosses&#xd;
inscribed in a circle, surely belonging to the thirteenth century.</subfield>
</datafield>
<datafield tag="024" ind2=" " ind1="8">
<subfield code="a">0211-8998</subfield>
</datafield>
<datafield tag="024" ind2=" " ind1="8">
<subfield code="a">http://hdl.handle.net/10259/6507</subfield>
</datafield>
<datafield ind1=" " ind2=" " tag="653">
<subfield code="a">Burgos</subfield>
</datafield>
<datafield ind1=" " ind2=" " tag="653">
<subfield code="a">Cruz</subfield>
</datafield>
<datafield ind1=" " ind2=" " tag="653">
<subfield code="a">Despoblados medievales</subfield>
</datafield>
<datafield ind1=" " ind2=" " tag="653">
<subfield code="a">Ermitas</subfield>
</datafield>
<datafield ind1=" " ind2=" " tag="653">
<subfield code="a">Estelas medievales</subfield>
</datafield>
<datafield ind1=" " ind2=" " tag="653">
<subfield code="a">Quintanapalla</subfield>
</datafield>
<datafield ind1=" " ind2=" " tag="653">
<subfield code="a">Siglos X-XIII</subfield>
</datafield>
<datafield ind1=" " ind2=" " tag="653">
<subfield code="a">Cross</subfield>
</datafield>
<datafield ind1=" " ind2=" " tag="653">
<subfield code="a">Medieval abandoned villages</subfield>
</datafield>
<datafield ind1=" " ind2=" " tag="653">
<subfield code="a">Hermitages</subfield>
</datafield>
<datafield ind1=" " ind2=" " tag="653">
<subfield code="a">Medieval stelai</subfield>
</datafield>
<datafield ind1=" " ind2=" " tag="653">
<subfield code="a">Tenth to thirteenth centuries</subfield>
</datafield>
<datafield tag="245" ind1="0" ind2="0">
<subfield code="a">Los despoblados y las estelas medievales de Quintanapalla (Burgos)</subfield>
</datafield>
</record></metadata></record></GetRecord></OAI-PMH>